Dope : the use of drugs in sport /

Bibliographic Details
Main Author: Woodland, Les
Format: Book
Language:English
Published: Newton Abbot [England] : David & Charles, [1980]
Subjects:

MARC

Tag First Indicator Second Indicator Subfields
LEADER 00000cam a2200000 a 4500
001 in00000072930
005 20151008055957.0
008 810521s1980 enk b 00110 engm
010 |a  81467804  
015 |a GB*** 
020 |a 0715378945 :  |c 7.50 
035 |a (OCoLC)06738469 
035 |9 AAJ4861AM 
039 0 |a 2  |b 3  |c 3  |d 3  |e 3 
040 |a DLC  |c DLC  |d TXA  |d UtOrBLW 
049 |a TXAM  |c [1672924] 
050 0 0 |a RC1230  |b .W66 
082 0 |a 363.1/94  |2 19 
100 1 |a Woodland, Les. 
245 1 0 |a Dope :  |b the use of drugs in sport /  |c Les Woodland. 
264 1 |a Newton Abbot [England] :  |b David & Charles,  |c [1980] 
264 4 |c ©1980 
300 |a 204 pages ;  |c 23 cm. 
336 |a text  |b txt  |2 rdacontent 
337 |a unmediated  |b n  |2 rdamedia 
338 |a volume  |b nc  |2 rdacarrier 
500 |a Includes index. 
504 |a Bibliography: pages 198-200. 
650 0 |a Doping in sports. 
999 |a MARS 
999 f f |s 4e988739-40a3-3d0f-aebc-b0d09492e678  |i d4e4410e-0687-3e0e-8e86-30aca965e731  |t 0 
952 f f |p ric  |a Texas A&M University  |b Rellis Campus  |c Joint Library Facility  |d Remote Storage  |t 0  |e RC1230 .W66  |h Library of Congress classification  |i unmediated -- volume  |m A14806231290 
998 f f |a RC1230 .W66  |t 0  |l Remote Storage